000 00822nam a22002657a 4500
999 _c35108
_d35108
001 4518
003 CO-MdFUSB
005 20200312131118.0
008 170927t1988 ck ||||| |||| 00| 0 spa d
020 _a958-607-260-6
040 _aCO-MdFUSB
_bspa
_cCO-MdFUSB
_dCO-MdFUSBC
_erda
041 0 _aspa
082 0 4 _aG 224.06 S496c
100 1 _aSeubert, Augusto
_eautor
245 1 0 _aCómo entender el mensaje de los profetas
_b: Una introducción pastoral a los profetas
_c / Augusto Seubert
264 4 _aBogotá, Colombia :
_b Paulinas,
_c©1988
300 _a117 Pag
_c;
336 _2rdacontent
_atexto
_btxt
337 _2rdamedia
_asin mediación
_bn
338 _2rdacarrier
_avolumen
_bnc
650 7 _aVocación
_9312
653 _aInterpretación de la Biblia A.T. - Profetas
942 _cBK
945 _aJTF-925